LIBRARY & INFORMATION CENTRE, KCAET, TAVANUR

ONLINE PUBLIC ACCESS CATALOGUE (OPAC)

Normal view MARC view
  • Er. Vishnu B (Guide)

Entry Personal Name

Number of records used in: 2

001 - CONTROL NUMBER

  • control field: 2141

003 - CONTROL NUMBER IDENTIFIER

  • control field: OSt

005 - DATE AND TIME OF LATEST TRANSACTION

  • control field: 20171116164727.0

008 - FIXED-LENGTH DATA ELEMENTS

  • fixed length control field: 171116|| aca||aabn | a|a d

040 ## - CATALOGING SOURCE

  • Original cataloging agency: OSt
  • Transcribing agency: OSt

100 ## - HEADING--PERSONAL NAME

  • Personal name: Er. Vishnu B (Guide)

670 ## - SOURCE DATA FOUND

  • Source citation: Work cat.: (OSt)14877: ARDRA WILSON 1886, ASSESSMENT OF THE IMPACT OF SAND MINING ON THE MORPHOLOGY OF THE SEVERELY AFFECTED REACH OF BHARATHAPUZHA RIVER BETWEEN PATTAMBI AND KUTTIPPURAM USING REMOTE SENSING AND GIS
free website counter